Hit The Wall Lyrics- Gracie Abrams - Statistics

General Stats
  • This quiz has been taken 20 times
    8 since last reset
  • The average score is 250 of 289
Answer Stats
Answer % Correct
a
100%
A
100%
"A
100%
box.
100%
can
100%
crack
100%
for
100%
fortress
100%
glass
100%
hit
100%
Hit
100%
I
100%
I'm
100%
in
100%
is
100%
just
100%
just.
100%
just,
100%
my
100%
not.
100%
not
100%
pavement,
100%
problem
100%
so
100%
solve.
100%
that
100%
the
100%
wall.
100%
wall,
100%
you
100%
You"
100%
able,
86%
afraid
86%
an
86%
And
86%
and
86%
anyway.
86%
badly,
86%
be
86%
but
86%
But
86%
caught.
86%
cave.
86%
close
86%
cost,
86%
day,
86%
do
86%
downgrade.
86%
Felt
86%
forgot.
86%
get
86%
good
86%
guess
86%
if
86%
impossible.
86%
inkblot.
86%
it
86%
it?
86%
know
86%
married,
86%
of
86%
off.
86%
play,
86%
playin',
86%
ricochet.
86%
should
86%
stable,
86%
stay.
86%
stopped.
86%
thought
86%
to
86%
try
86%
use
86%
violent,
86%
want
86%
we'd
86%
Weighing
86%
what
86%
What
86%
when
86%
wish
86%
would
86%
barely
71%
blade
71%
deserve
71%
doctors
71%
drawn
71%
full
71%
headlights,
71%
into
71%
it's
71%
life.
71%
Like
71%
long.
71%
me
71%
Now
71%
over
71%
room
71%
slipknot.
71%
spot.
71%
then
71%
too
71%
wait
71%
wanna
71%
watch
71%
Watch
71%
with
71%
ain't
57%
bend
57%
blind
57%
bloodshot.
57%
breakdowns.
57%
Case
57%
clearly,
57%
crowd.
57%
downplay.
57%
every
57%
Face
57%
face
57%
find
57%
Flashbacks
57%
Funny,
57%
girl
57%
Hallucinations
57%
have
57%
later,
57%
live
57%
lose
57%
loud.
57%
once
57%
or
57%
out.
57%
pattern
57%
Pull
57%
saw
57%
shame
57%
silence,
57%
Sooner
57%
tried
57%
you'll
57%
You'll
57%
aching
43%
hallway.
43%
pain.
43%
playing
43%
sharp
43%
'til
43%
waste
43%
at
29%
night.
29%
numb
29%
No matching quizzes found
Score Distribution
Percent of People with Each Score
Percentile by Number Answered
Your Score History
You have not taken this quiz since the last reset